No relief on PFI contracts (Record no. 76520)

MARC details
000 -LEADER
fixed length control field 01175cab a2200205 4500
001 - CONTROL NUMBER
control field ##L132599
008 - FIXED-LENGTH DATA ELEMENTS--GENERAL INFORMATION
fixed length control field 060221n2006 000 0 eng u
035 ## - SYSTEM CONTROL NUMBER
System control number (Sirsi) u132599
041 0# - LANGUAGE CODE
Language code of text/sound track or separate title eng
100 1# - MAIN ENTRY--PERSONAL NAME
Personal name Winter, Jeremy
245 00 - TITLE STATEMENT
Title No relief on PFI contracts
260 ## - PUBLICATION, DISTRIBUTION, ETC.
Date of publication, distribution, etc. 2006
490 #0 - SERIES STATEMENT
Series statement Construction News
Volume/sequential designation (6954) 16 February 2006, 44(1)
520 ## - SUMMARY, ETC.
Summary, etc. Gives the facts of, and comments upon, "Midland Expressway v Carillion Construction Ltd" ([2005] EWHC 2963 TCC, L132321), where it was decided that an attempt in a PFI contract to restrict the right to adjudication was unenforceable. This has serious implications for both the financing of future PFI projects, and the way subcontracts are drafted. Argues that the Housing Grants, Construction and Regeneration Act 1996 needs to be amended so that it applies to project agreements as well as sub-contracts.
590 ## - LOCAL NOTE (RLIN)
Local note IKA280206
650 24 - SUBJECT ADDED ENTRY--TOPICAL TERM
Topical term or geographic name entry element MIDLAND EXPRESSWAY LTD V CARILLION CONSTRUCTION LTD AND OTHERS
650 24 - SUBJECT ADDED ENTRY--TOPICAL TERM
Topical term or geographic name entry element HOUSING GRANTS, CONSTRUCTION AND REGENERATION ACT 1996
690 ## - LOCAL SUBJECT ADDED ENTRY--TOPICAL TERM (OCLC, RLIN)
Topical term or geographic name as entry element MANAGEMENT-DISPUTE AVOIDANCE, MANAGEMENT AND RESOLUTION-DISPUTE MANAGEMENT AND RESOLUTION-ADVOCACY
942 ## - ADDED ENTRY ELEMENTS (KOHA)
Suppress in OPAC 0
Holdings
Withdrawn status Lost status Source of classification or shelving scheme Damaged status Not for loan Home library Current library Shelving location Date acquired Total Checkouts Full call number Barcode Date last seen Copy number Price effective from Koha item type
    Dewey Decimal Classification     London London Journal article 23/02/2006   L132599 132599-1001 06/08/2019 1 06/08/2019 Journal article